00425nam a22001457a 450000500170000000800410001702000150005804100130007308200120008610000130009824500530011126000620016430000280022665000250025420231201064617.0231201b |||||||| |||| 00| 0 eng d a0409004022 aEnglish  a349 JOU lEnglish  aThe Law of South Africa /cedited by A Van Blerk aDurban : bButterworth and Company (SA) (Pty) Ltd, c1979 b132 pages ; c26,5 cm.  aLegal practice bLaw